00414nam a22001457a 450000500170000000800410001702000170005804100080007508200120008310000210009524501000011626000340021630000100025065000080026020210904102753.0200521b xxu||||| |||| 00| 0 eng d a978938485251 aeng a346 KAP aKapoor's Dr. S.K aLaw of Torts: Along with Consumer Protection Act,1986 and compensation Under Motor Vehicles Act aAllahabadbCentral Law Agency a588p. aLaw